000 00210nam a22000977a 4500
999 _c16069
_d16069
003 OSt
008 191029b ||||| |||| 00| 0 eng d
100 _aMuhammad,K T.
_94521
245 _aNjan pedikunnu
942 _cBK